000 00336 a2200157 4500
001 152819
040 _cEscola São Tomás de Aquino
100 _aPORTO, Cristina
240 1 0 _aCarlota bolota
_lpor
245 1 0 _aCarlota bolota
300 _a37
362 0 _a2014
440 1 _aFTD
697 _a*LITERATURA INFANTO
942 _cBK
999 _c152819
_d152819